HUMAN ANATOMY AND PHYSIOLOGY (Record no. 60468)

MARC details
000 -LEADER
fixed length control field 00523nam a2200193Ia 4500
003 - CONTROL NUMBER IDENTIFIER
control field OSt
005 - DATE AND TIME OF LATEST TRANSACTION
control field 20260211144323.0
020 ## - INTERNATIONAL STANDARD BOOK NUMBER
International Standard Book Number 978-0-697-05779-8
040 ## - CATALOGING SOURCE
Transcribing agency LC
050 ## - LIBRARY OF CONGRESS CALL NUMBER
Classification number QP 34.5 .H 65 1990
100 ## - MAIN ENTRY--PERSONAL NAME
Personal name JOHN, HOLE, W
245 #0 - TITLE STATEMENT
Title HUMAN ANATOMY AND PHYSIOLOGY
250 ## - EDITION STATEMENT
Edition statement 5
260 ## - PUBLICATION, DISTRIBUTION, ETC.
Place of publication, distribution, etc. KERPER BOULEVARD, DUBUQUE,
Name of publisher, distributor, etc. WIN.C.BROWN PUBLISHERS,
Date of publication, distribution, etc. 1990,
300 ## - PHYSICAL DESCRIPTION
Extent XXii, 947 P, ILL
500 ## - GENERAL NOTE
General note INCLUDES BIBLIOGRAPHICAL REFERENCES AND INDEX
650 ## - SUBJECT ADDED ENTRY--TOPICAL TERM
Topical term or geographic name entry element Human physiology, Human anatomy
942 ## - ADDED ENTRY ELEMENTS (KOHA)
Koha item type Long Loan Book
Source of classification or shelving scheme Library of Congress Classification
Holdings
Withdrawn status Lost status Source of classification or shelving scheme Damaged status Not for loan Collection Home library Current library Shelving location Date acquired Inventory number Total checkouts Full call number Barcode Date last seen Date last checked out Copy number Price effective from Koha item type
    Library of Congress Classification     Medicine Kisii University Library Kisii University Library On Display 10/24/2023 42525 1 QP 34.5 .H 65 1990 043857 04/23/2026 04/15/2026 1 10/24/2023 Long Loan Book
    Library of Congress Classification     Medicine Kisii University Library Kisii University Library On Display 10/24/2023 60566 2 QP 34.5 .H65 1990 043856 06/23/2025 06/09/2025 2 10/24/2023 Long Loan Book